Statistiques concernant Les plus grands lacs du Monde

Cliquez ici pour prendre le quiz!

Statistiques générales

  • Ce quiz a été pris 275 fois
  • Le résultat moyen est 7 sur 15

Statistiques - réponses

Superficie (en km²)Lac% Correct
69 485Victoria
85%
117 000Michigan-Huron
82%
31 500Baïkal
75%
82 100Supérieur
73%
25 719Erié
63%
371 000Mer Caspienne
62%
19 477Ontario
61%
30 044Malawi
45%
32 893Tanganyika
36%
31 080Grand lac de l'Ours
30%
28 930Grand lac des Esclaves
29%
18 130Ladoga
21%
24 514Winnipeg
20%
18 428Balkhach
14%
15 690Vostok
10%

Distribution des résultats

Percentile par nombre de réponses

% des personnes avec chaque résultat

Votre développement - résultats

Vous n’avez pas pris ce quiz